Lengua y literatura : quinto curso
Gespeichert in:
| Körperschaft: | |
|---|---|
| Format: | Buch |
| Sprache: | Spanisch |
| Erschienen: |
Zaragoza :
Luis Vives,
1955
|
| Katalog: | MANES: Suchergebnis im Bibliothekskatalog |
| Schulbuchspezifische Eigenschaften: |
|
| Schriftenreihe: | Colección de Textos Escolares Edelvives o F.T.D. VII, Textos de Enseñanza Media
|
| Tags: |
Tag hinzufügen
Keine Tags, Fügen Sie den ersten Tag hinzu!
|
| Hinzugefügt zu: | 09.02.2019 |
| Geändert in: | 07.05.2025 |
MARC
| LEADER | 00000cam a2200000 4500 | ||
|---|---|---|---|
| 005 | 20250507134549.0 | ||
| 008 | 190210S1955 0espaf h 0000 00spa0d | ||
| 040 | |a uned |b spa |c entro-manes | ||
| 041 | 0 | |a spa | |
| 110 | 2 | |a Edelvives . |9 36308 | |
| 245 | 1 | 0 | |a Lengua y literatura : |b quinto curso / |c por Edelvives |
| 260 | |a Zaragoza : |b Luis Vives, |c 1955 | ||
| 300 | |a 375 p. : |b il. | ||
| 490 | 0 | |a Colección de Textos Escolares Edelvives o F.T.D. VII, Textos de Enseñanza Media | |
| 546 | |a España | ||
| 561 | |5 es-BUNED |3 L.T. 1598 |a España. Fondo Manes UNED |k MANES | ||
| 690 | 0 | |a LEN | |
| 942 | |2 ddc |c BK | ||
| 999 | |c 97403 |d 97403 | ||
| 999 | |c manes:97403 |d 97403 | ||